| 000 | 00540nam a2200205 a 4500 | ||
|---|---|---|---|
| 001 | 6571 | ||
| 005 | 20180713190437.0 | ||
| 008 | 140415s1991 mx 000 0 spa d | ||
| 020 | _a9706130179 | ||
| 041 | _aspa | ||
| 082 |
_a346 _bGOM |
||
| 100 | 1 | _aGómez Lara, Cipriano,. | |
| 245 | 1 | 0 | _aDERECHO PROCESAL CIVIL |
| 250 | _a5a ed. | ||
| 260 |
_aMEXICO : _bHARLA, _c1991 |
||
| 300 | _a421 | ||
| 490 | _aTEXTOS JURIDICOS UNIVERSITARIOS | ||
| 650 | 1 | 4 | _aPROCEDIMIENTO CIVIL |
| 700 | 1 |
_aMONTIEL HERRERA, RODOLFO _epról. |
|
| 999 |
_c6571 _d6571 |
||